Estudios sobre Séneca / (Record no. 112621)

MARC details
000 -LEADER
campo de control de longitud fija 00549nam a2200169 4500
001 - NÚMERO DE CONTROL
campo de control 112621
003 - IDENTIFICADOR DE NÚMERO DE CONTROL
campo de control ES-MaACL
005 - FECHA Y HORA DE LA ÚLTIMA TRANSACCIÓN
campo de control 20230906185556.0
007 - CAMPO FIJO DE DESCRIPCIÓN FÍSICA--INFORMACIÓN GENERAL
campo de control de longitud fija t|
008 - DATOS DE LONGITUD FIJA--INFORMACIÓN GENERAL
campo de control de longitud fija 061121s1969 sp r ||||1| spa d
100 1# - ENTRADA PRINCIPAL--NOMBRE DE PERSONA
Nombre de persona Muñoz Valle, Isidoro.
9 (RLIN) 84511
245 10 - MENCIÓN DEL TÍTULO
Título Estudios sobre Séneca /
Mención de responsabilidad, etc. Isidoro Muñoz Valle.
260 ## - PUBLICACIÓN, DISTRIBUCIÓN, ETC.
Lugar de publicación, distribución, etc. Córdoba :
Nombre del editor, distribuidor, etc. Real Academia de Bellas Artes,
Fecha de publicación, distribución, etc. 1969.
300 ## - DESCRIPCIÓN FÍSICA
Extensión 67 p. 4 lám. ;
Dimensiones 21 cm.
710 2# - ENTRADA AGREGADA--NOMBRE DE ENTIDAD CORPORATIVA
Nombre de entidad corporativa o nombre de jurisdicción como elemento de entrada Real Academia de Córdoba de Ciencias, Bellas Letras y Nobles Artes.
9 (RLIN) 6302
852 ## - LOCALIZACIÓN
Ubicación ES-MaACL
Número de control de estantería C-36442
Sublocalización o colección R.69508
Holdings
Estatus retirado Estado de pérdida Estado de daño No para préstamo Biblioteca de origen Biblioteca actual Ubicación en estantería Fecha de adquisición Fuente de adquisición Total de préstamos Signatura topográfica completa Código de barras Visto por última vez Precio de reemplazo Tipo de ítem Koha
        Biblioteca del Ateneo de Madrid Biblioteca del Ateneo de Madrid Depósito 2 17/01/2008     C-36442 1117477 23/02/2023 23/02/2023 Libro impreso